|
|
|
|
| LEADER |
00000nam a22000007a 4500 |
| 005 |
20180224133528.0 |
| 007 |
cr|||| |||| |
| 008 |
180224s2016 es |||||s|||| 00||0 spa d |
| 020 |
|
|
|a 978-84-9123-331-2
|
| 035 |
|
|
|a 20991
|
| 040 |
|
|
|a vLex
|
| 090 |
|
|
|c 7403
|d 7403
|
| 100 |
1 |
|
|a Blasi Casagran, Cristina
|
| 245 |
1 |
2 |
|a El control de las agencias del espacio de libertad, seguridad y justicia
|h [Recurso electrn̤ico] :
|b Contrapeso necesario a su autonoma̕ /
|c Cristina Blasi Casagran, Mariona Illamola Daus̉
|
| 256 |
|
|
|a Servicio en ln̕ea
|
| 260 |
|
|
|a Madrid:
|b Marcial Pons,
|c 2016
|
| 300 |
|
|
|a 1 recurso electrn̤ico
|
| 500 |
|
|
|a La creacin̤ de agencias con un alto grado de autonoma̕ y sin un marco jurd̕ico claro dentro del seno de la Unin̤ Europea ha conllevado la necesidad de establecer mecanismos de control para asegurar que sus acciones recaen dentro de sus respectivos mandatos y respetan los principios de la Unin̤. Esta regulacin̤ es an︢ ms̀ necesaria en el caso de las agencias que operan en el ℓrea de Libertad, Seguridad y Justicia (ELSJ), ya que, por su naturaleza, estas agencias se ocupan de cuestiones especialmente sensibles, relacionadas con la seguridad colectiva e individual y los derechos de los ciudadanos. Son precisamente estos aspectos los que se analizan en este libro que se estructura en dos partes diferenciadas. La primera dedicada al control institucional y democrt̀ico, a travš de las actuaciones del Parlamento Europeo, la Comisin̤, el Consejo, el Tribunal de Justicia, los Defensores del Pueblo nacionales o la cooperacin̤ entre agencias; y la segunda relativa al control del respeto de los derechos fundamentales centrǹdose en la proteccin̤ de datos personales, la trata y las garanta̕s que ofrece Frontex.
|
| 506 |
1 |
|
|a Disponible solo en los productos indicados
|d vLex Global
|d vLex Global (Academic Edition, excluding Law Schools)
|d vLex Global (U.S. Academic Edition, Law Schools)
|d vLex Global (U.S. Academic Edition, excluding Law Schools)
|d vLex Global (Academic Edition, Law Schools)
|
| 650 |
0 |
4 |
|a Derecho Comunitario
|z Espaą
|
| 700 |
1 |
|
|a Illamola Daus,̉ Mariona
|
| 740 |
0 |
|
|a vLex Libros (Servicio en ln̕ea)
|
| 856 |
4 |
0 |
|u http://vlex.com/source/control-de-las-agencias-del-espacio-de-libertad-seguridad-y-justicia-contrapeso-necesario-a-su-autonomia-20991
|z Acceso restringido
|
| 942 |
|
|
|c BOOK
|
| 999 |
0 |
|
|a Community Law
|